Name Kpop Group By Picture - Statistics

General Stats
  • This quiz has been taken 1,039 times
  • The average score is 41 of 71
Answer Stats
Picture Answer % Correct
BTS
99%
Blackpink
97%
Seventeen
95%
Twice
95%
TXT
92%
Stray Kids
91%
Mamamoo
89%
NewJeans
89%
IVE
88%
Enhypen
86%
EXO
85%
ITZY
85%
aespa
83%
LE SSERAFIM
83%
(G)I-DLE
81%
Girls’ Generation
80%
BIGBANG
79%
Ateez
78%
NCT Dream
77%
Red Velvet
77%
NMIXX
75%
NCT 127
74%
Babymonster
72%
GOT7
72%
IZ*ONE
72%
KARD
72%
Kep1er
70%
ASTRO
67%
Super Junior
67%
2NE1
65%
SHINee
62%
LOONA
61%
MONSTA X
60%
ZEROBASEONE
59%
2pm
58%
STAYC
57%
Kiss Of Life
56%
P1Harmony
55%
Treasure
55%
Boynextdoor
54%
Everglow
54%
Fromis_9
51%
GFRIEND
51%
IOI
51%
WayV
51%
Dreamcatcher
49%
iKON
49%
The Boyz
48%
billlie
47%
MOMOLAND
45%
SISTAR
44%
CLC
42%
Wanna One
42%
miss A
41%
Winner
39%
EXID
37%
Oh My Girl
35%
sf9
35%
CRAVITY
32%
PENTAGON
30%
KARA
28%
xikers
28%
tripleS
27%
WJSN
26%
Brave Girls
21%
Weki Meki
21%
Brown Eyed Girls
18%
Nature
16%
Lapillus
15%
LIGHTSUM
13%
PRISTIN V
9%
No matching quizzes found
Score Distribution
Percent of People with Each Score
Percentile by Number Answered
Your Score History
You have not taken this quiz